Statistics for Random Geographic Groups of Eight

Click here to take the quiz!

General Stats

  • This quiz has been taken 312 times
  • The average score is 25 of 32

Answer Stats

HintAnswer% Correct
Countries bordering TanzaniaKenya
100%
Countries bordering TanzaniaRwanda
100%
Countries bordering AustriaSwitzerland
100%
South American capitals south of the equatorBrasília
98%
South American capitals south of the equatorBuenos Aires
98%
Men's FIFA World Cup championsGermany
98%
Countries bordering AustriaGermany
98%
Countries bordering AustriaItaly
98%
Men's FIFA World Cup championsItaly
98%
Countries bordering TanzaniaMozambique
98%
U.S. states beginning with NNorth Dakota
98%
Warsaw Pact countriesPoland
98%
Countries bordering AustriaCzech Republic
96%
Languages with 40+ million native speakers in India*Hindi
96%
Countries bordering AustriaHungary
96%
South China Sea countriesIndonesia
96%
Countries bordering AustriaLiechtenstein
96%
U.S. states beginning with NNorth Carolina
96%
South American capitals south of the equatorSantiago
96%
Countries bordering AustriaSlovakia
96%
Countries bordering TurkeySyria
96%
Men's FIFA World Cup championsBrazil
95%
Red Sea countriesEgypt
95%
Men's FIFA World Cup championsFrance
95%
Capitals north of 55° NHelsinki
95%
Capitals north of 55° NOslo
95%
Capitals north of 55° NReykjavik
95%
Men's FIFA World Cup championsSpain
95%
Capitals north of 55° NStockholm
95%
Countries bordering TanzaniaUganda
95%
Countries bordering TurkeyArmenia
94%
South American capitals south of the equatorLima
94%
U.S. states beginning with NNebraska
94%
U.S. states beginning with NNew York
94%
Countries bordering AustriaSlovenia
94%
Countries bordering TanzaniaBurundi
93%
South China Sea countriesChina
93%
Countries bordering TanzaniaD.R. Congo
93%
Lakes with an area over 30,000 km2Michigan
93%
South American capitals south of the equatorMontevideo
93%
South China Sea countriesVietnam
93%
Red Sea countriesYemen
93%
German cities with the most touristsBerlin
92%
Countries bordering TurkeyGreece
92%
U.S. states beginning with MMaine
92%
U.S. states beginning with MMississippi
92%
U.S. states beginning with NNew Jersey
92%
U.S. states beginning with NNew Mexico
92%
Capitals north of 55° NCopenhagen
91%
Capitals north of 55° NMoscow
91%
U.S. states beginning with NNew Hampshire
91%
Largest cities in the worldTokyo
91%
Countries on the Prime MeridianUnited Kingdom
91%
Men's FIFA World Cup championsArgentina
90%
Countries bordering TurkeyGeorgia
90%
Countries bordering TurkeyIran
90%
U.S. states beginning with MMichigan
90%
U.S. states beginning with MMontana
90%
German cities with the most touristsMunich
90%
Countries bordering TanzaniaZambia
90%
South American capitals south of the equatorLa Paz / Sucre
89%
Warsaw Pact countriesRomania
89%
Countries bordering TurkeyAzerbaijan
88%
Men's FIFA World Cup championsEngland
88%
Countries bordering TurkeyIraq
88%
Red Sea countriesIsrael
88%
Red Sea countriesJordan
88%
U.S. states beginning with MMaryland
88%
U.S. states beginning with MMissouri
88%
Red Sea countriesSaudi Arabia
88%
Men's FIFA World Cup championsUruguay
88%
South China Sea countriesBrunei
87%
Warsaw Pact countriesBulgaria
87%
South China Sea countriesMalaysia
87%
U.S. states beginning with NNevada
87%
South China Sea countriesPhilippines
87%
South China Sea countriesTaiwan
87%
U.S. states beginning with MMassachusetts
86%
U.S. states beginning with MMinnesota
86%
Independent countries in the Lesser AntillesBarbados
85%
Independent countries in the Lesser AntillesGrenada
85%
German cities with the most touristsHamburg
85%
Independent countries in the Lesser AntillesSaint Lucia
85%
Lakes with an area over 30,000 km2Superior
85%
Capitals north of 55° NRiga
84%
South American capitals south of the equatorAsunción
83%
Countries on the Prime MeridianFrance
83%
Warsaw Pact countriesHungary
83%
Lakes with an area over 30,000 km2Huron
83%
Independent countries in the Lesser AntillesSaint Kitts and Nevis
83%
South China Sea countriesSingapore
83%
Red Sea countriesSudan
83%
Independent countries in the Lesser AntillesTrinidad and Tobago
83%
German cities with the most touristsFrankfurt am Main
82%
Indonesian islands larger than 15.000 km2Java
82%
Largest cities in the worldShanghai
82%
Independent countries in the Lesser AntillesAntigua and Barbuda
81%
Independent countries in the Lesser AntillesDominica
81%
Countries bordering TanzaniaMalawi
81%
South American capitals south of the equatorQuito
81%
Independent countries in the Lesser AntillesSaint Vincent and the Grenadines
81%
Countries on the Prime MeridianSpain
81%
Countries bordering TurkeyBulgaria
80%
Red Sea countriesEritrea
80%
Capitals north of 55° NTallinn
80%
Largest cities in the worldDelhi
78%
Red Sea countriesDjibouti
78%
Countries on the Prime MeridianAlgeria
77%
Capitals with the word "Saint" in some languageSanto Domingo
74%
Warsaw Pact countriesSoviet Union
74%
Lakes with an area over 30,000 km2Victoria
73%
Warsaw Pact countriesCzechoslovakia
72%
Warsaw Pact countriesAlbania
70%
German cities with the most touristsCologne
69%
Warsaw Pact countriesEast Germany
69%
Lakes with an area over 30,000 km2Caspian Sea
68%
Largest cities in the worldMumbai
67%
Languages with 40+ million native speakers in India*Tamil
67%
Languages with 40+ million native speakers in India*Urdu
67%
Languages with 40+ million native speakers in India*Bengali
64%
Indonesian islands larger than 15.000 km2Borneo
64%
Capitals beginning with CCopenhagen
64%
German cities with the most touristsStuttgart
64%
Lakes with an area over 30,000 km2Baikal
63%
Largest cities in the worldGuangzhou
62%
Countries on the Prime MeridianMali
62%
Capitals beginning with CCanberra
61%
Countries on the Prime MeridianGhana
60%
Capitals with the word "Saint" in some languageSantiago
60%
German cities with the most touristsDüsseldorf
59%
Capitals with the word "Saint" in some languageSan José
57%
Capitals with the word "Saint" in some languageSan Salvador
57%
Largest cities in the worldJakarta
56%
Capitals beginning with CCaracas
55%
German cities with the most touristsDresden
54%
Largest cities in the worldManila
51%
Largest cities in the worldSeoul
51%
Capitals beginning with CCairo
50%
Indonesian islands larger than 15.000 km2Sumatra
50%
Countries on the Prime MeridianTogo
49%
Indonesian islands larger than 15.000 km2New Guinea
46%
Capitals with the word "Saint" in some languageSaint George's
45%
Capitals with the word "Saint" in some languageSão Tomé
45%
Countries on the Prime MeridianBurkina Faso
43%
Capitals with the word "Saint" in some languageSaint John's
43%
Languages with 40+ million native speakers in India*Marathi
42%
Languages with 40+ million native speakers in India*Telugu
42%
Capitals beginning with CChisinau
41%
Languages with 40+ million native speakers in India*Gujarati
40%
Capitals with the word "Saint" in some languageSan Marino
40%
Indonesian islands larger than 15.000 km2Sulawesi
40%
Capitals beginning with CCape Town
39%
Indonesian islands larger than 15.000 km2Timor
30%
Lakes with an area over 30,000 km2Great Bear Lake
28%
Lakes with an area over 30,000 km2Tanganyika
28%
Capitals beginning with CCastries
25%
Capitals beginning with CConakry
25%
Languages with 40+ million native speakers in India*Kannada
24%
Indonesian islands larger than 15.000 km2Halmahera
6%
Indonesian islands larger than 15.000 km2Seram
2%

Score Distribution

Percentile by Number Answered

Percent of People with Each Score

Your Score History

You have not taken this quiz